[Event "UKR-ch (Women) 82nd"]
[Site "Poltava"]
[Date "2023.12.14"]
[Round "6"]
[White "Bondar, Daria"]
[Black "Tugaj, Polina"]
[Result "1-0"]
[WhiteElo "1970"]
[BlackElo "1286"]
[PlyCount "67"]
[EventDate "2023.12.09"]
[EventType "swiss"]
[EventRounds "9"]
[EventCountry "UKR"]
[SourceTitle "CB51_2023"]
[SourceDate "2023.12.20"]
[SourceVersion "1"]
[SourceVersionDate "2023.12.20"]
[SourceQuality "1"]

1. e4 e5 2. Nf3 Nc6 3. Bb5 a6 4. Ba4 b5 5. Bb3 d6 6. c3 Be7 7. 0-0 Nf6 8. Re1 0-0 9. h3 Bb7 10. d4 exd4 11. cxd4 Na5 12. Bc2 Nc4 13. b3 Nb6 14. Nbd2 Re8 15. Nf1 d5 16. e5 Ne4 17. Bb2 a5 18. N3d2 Nxd2 19. Qxd2 a4 20. Bc3 axb3 21. axb3 Qd7 22. Ne3 Bg5 23. Rxa8 Rxa8 24. Rf1 Bxe3 25. Qxe3 Qc6 26. Qd3 g6 27. Bb4 Nd7 28. f4 f5 29. g4 fxg4 30. hxg4 Nf8 31. f5 gxf5 32. Qxf5 Ng6 33. Qf7+ Kh8 34. Be7 1-0

[Event "UKR-ch (Women) 82nd"]
[Site "Poltava"]
[Date "2023.12.11"]
[Round "3"]
[White "Bondar, Daria"]
[Black "Tsirulnik, Maritsa"]
[Result "0-1"]
[WhiteElo "1970"]
[BlackElo "2062"]
[PlyCount "78"]
[EventDate "2023.12.09"]
[EventType "swiss"]
[EventRounds "9"]
[EventCountry "UKR"]
[SourceTitle "CB51_2023"]
[SourceDate "2023.12.20"]
[SourceVersion "1"]
[SourceVersionDate "2023.12.20"]
[SourceQuality "1"]

1. e4 c5 2. Nf3 Nc6 3. d4 cxd4 4. Nxd4 e6 5. Nc3 a6 6. Be2 Nf6 7. 0-0 Qc7 8. a3 Bc5 9. Nb3 Be7 10. Be3 0-0 11. f4 d6 12. Qe1 b5 13. Qg3 Kh8 14. Rae1 Bb7 15. Nd4 Nxd4 16. Bxd4 d5 17. Bd3 Bc5 18. Bxc5 Qxc5+ 19. Qf2 Qxf2+ 20. Rxf2 d4 21. Nb1 Nd7 22. Nd2 e5 23. Nb3 f6 24. fxe5 fxe5 25. Ref1 Rxf2 26. Rxf2 Kg8 27. a4 bxa4 28. Na5 Bc8 29. Bc4+ Kh8 30. Rf7 h5 31. Bd5 Rb8 32. Be6 Rxb2 33. Nc4 Rxc2 34. Nd6 Rc6 35. Bxd7 Bxd7 36. Rxd7 a3 37. Nf7+ Kh7 38. Nxe5 Rc1+ 39. Kf2 a2 0-1

[Event "UKR-ch (Women) 82nd"]
[Site "Poltava"]
[Date "2023.12.10"]
[Round "2"]
[White "Baglay, Kseniya"]
[Black "Bondar, Daria"]
[Result "0-1"]
[WhiteElo "1710"]
[BlackElo "1970"]
[PlyCount "102"]
[EventDate "2023.12.09"]
[EventType "swiss"]
[EventRounds "9"]
[EventCountry "UKR"]
[SourceTitle "CB51_2023"]
[SourceDate "2023.12.20"]
[SourceVersion "1"]
[SourceVersionDate "2023.12.20"]
[SourceQuality "1"]

1. Nf3 Nf6 2. c4 g6 3. g3 Bg7 4. Bg2 0-0 5. 0-0 d6 6. d4 Nbd7 7. Nc3 e5 8. e4 Re8 9. Re1 exd4 10. Nxd4 c6 11. b3 Qb6 12. Na4 Qc7 13. Ba3 a6 14. Rc1 c5 15. Nc2 Rb8 16. Nb2 b5 17. cxb5 axb5 18. Nd3 Bb7 19. f3 Qb6 20. Kh1 Ne5 21. Nxe5 dxe5 22. Ne3 Rbc8 23. Bh3 Rc7 24. Qc2 Bf8 25. Bb2 Bh6 26. Rcd1 c4 27. Nd5 Nxd5 28. exd5 Qd6 29. bxc4 bxc4 30. Qa4 Qd8 31. Bxe5 Rce7 32. f4 f6 33. Bc3 Rxe1+ 34. Bxe1 Rxe1+ 35. Rxe1 Qxd5+ 36. Kg1 Qh1+ 37. Kf2 Qf3+ 38. Kg1 Qh1+ 39. Kf2 Qxh2+ 40. Kf1 Qxh3+ 41. Ke2 Qg4+ 42. Kd2 Bxf4+ 43. gxf4 Qxf4+ 44. Kd1 Qd4+ 45. Kc2 Qd3+ 46. Kb2 Qd2+ 47. Qc2 Qb4+ 48. Ka1 Qxe1+ 49. Kb2 c3+ 50. Ka3 Qe7+ 51. Ka4 Qe4+ 0-1

[Event "Wch U16 Girls"]
[Site "Montesilvano"]
[Date "2023.11.23"]
[Round "10"]
[White "Bondar, Daria"]
[Black "Shvedova, Alexandra"]
[Result "0-1"]
[WhiteElo "1908"]
[BlackElo "2170"]
[PlyCount "90"]
[EventDate "2023.11.13"]
[EventType "swiss"]
[EventRounds "11"]
[EventCountry "ITA"]
[SourceTitle "CB48_2023"]
[SourceDate "2023.11.29"]
[SourceVersion "1"]
[SourceVersionDate "2023.11.29"]
[SourceQuality "1"]

1. e4 e5 2. Nf3 Nc6 3. Bb5 a6 4. Ba4 Nf6 5. 0-0 b5 6. Bb3 Bc5 7. d3 d6 8. c3 h6 9. Re1 Bb6 10. Nbd2 0-0 11. h3 Ne7 12. Nf1 Ng6 13. Ng3 c6 14. Be3 Re8 15. Bxb6 Qxb6 16. d4 c5 17. Qd2 Bb7 18. Bc2 Rad8 19. d5 c4 20. Nf5 Bc8 21. N3h4 Nxh4 22. Nxh4 Nh5 23. Kh2 Qa7 24. g3 g6 25. Bd1 Nf6 26. Bf3 g5 27. Ng2 Qd7 28. g4 Kg7 29. Ne3 Qe7 30. b3 cxb3 31. axb3 Qa7 32. Ra5 Rh8 33. Rea1 Qb6 34. Nf5+ Kf8 35. Kg2 Ne8 36. h4 f6 37. h5 Nc7 38. Ne3 Bd7 39. Be2 Kf7 40. Nc2 Ra8 41. Kf3 Bxg4+ 42. Kxg4 Qxf2 43. Ne3 Ne8 44. Nf5 Qg2+ 45. Ng3 f5+ 0-1

[Event "Wch U16 Girls"]
[Site "Montesilvano"]
[Date "2023.11.17"]
[Round "5"]
[White "Bondar, Daria"]
[Black "Zhou, Shumeng"]
[Result "1-0"]
[WhiteElo "1908"]
[BlackElo "1559"]
[PlyCount "155"]
[EventDate "2023.11.13"]
[EventType "swiss"]
[EventRounds "11"]
[EventCountry "ITA"]
[SourceTitle "CB48_2023"]
[SourceDate "2023.11.29"]
[SourceVersion "1"]
[SourceVersionDate "2023.11.29"]
[SourceQuality "1"]

1. e4 c6 2. d4 d5 3. e5 Bf5 4. Nf3 e6 5. Be2 c5 6. Be3 cxd4 7. Nxd4 Ne7 8. 0-0 Nbc6 9. Bb5 a6 10. Bxc6+ bxc6 11. c4 Qc7 12. Qa4 Bd3 13. Rc1 Qd7 14. c5 f6 15. f4 fxe5 16. fxe5 Nf5 17. Nxf5 exf5 18. Nd2 g6 19. e6 Qxe6 20. Qd4 Be2 21. Kf2 Rg8 22. Re1 Bg7 23. Qb4 Bd3 24. Qb7 Rc8 25. Bh6 Bd4+ 26. Be3 Bxe3+ 27. Rxe3 Be4 28. Rae1 Rf8 29. Qxa6 Kf7 30. Rh3 Kg7 31. Nf3 Qe7 32. Qa3 Ra8 33. Qc3+ Qf6 34. Nd4 Kg8 35. a3 f4 36. Ne2 Qg5 37. Rg1 Ra4 38. Qb3 Rc4 39. Nc3 Qe5 40. Rd1 Re8 41. Qb7 Re7 42. Qxc6 Rd4 43. Qd6 Rxd1 44. Qxe5 Rd2+ 45. Ke1 Rxe5 46. Kxd2 Bxg2 47. Rd3 f3 48. Nd1 Re2+ 49. Kc3 f2 50. Nxf2 Rxf2 51. b4 Be4 52. Rd4 Rf3+ 53. Kb2 Kf7 54. b5 Ke6 55. a4 Rf2+ 56. Kc3 Kd7 57. Kb4 Kc7 58. Ka5 Rf8 59. Kb4 g5 60. b6+ Kc6 61. a5 Rf1 62. a6 Rb1+ 63. Kc3 Ra1 64. b7 Kc7 65. Rb4 Kb8 66. Rb6 Rxa6 67. Rxa6 Kxb7 68. Re6 g4 69. Kd4 h5 70. Rh6 Bf3 71. Rxh5 Kc6 72. Rh6+ Kc7 73. Rd6 Be4 74. Ke5 Bf3 75. Rg6 Kd7 76. Rg7+ Kc6 77. Kd4 Be2 78. Rg6+ 1-0

[Event "Wch U16 Girls"]
[Site "Montesilvano"]
[Date "2023.11.16"]
[Round "4"]
[White "Mickunaite, Agne"]
[Black "Bondar, Daria"]
[Result "0-1"]
[WhiteElo "1673"]
[BlackElo "1908"]
[PlyCount "106"]
[EventDate "2023.11.13"]
[EventType "swiss"]
[EventRounds "11"]
[EventCountry "ITA"]
[SourceTitle "CB48_2023"]
[SourceDate "2023.11.29"]
[SourceVersion "1"]
[SourceVersionDate "2023.11.29"]
[SourceQuality "1"]

1. c4 g6 2. Nc3 Bg7 3. d4 Nf6 4. e4 d6 5. h3 0-0 6. Be3 Na6 7. Bd3 c5 8. d5 e6 9. Nf3 exd5 10. exd5 Nb4 11. 0-0 Nxd3 12. Qxd3 Bf5 13. Qd2 Re8 14. Nh2 a6 15. a4 Ne4 16. Nxe4 Rxe4 17. Rac1 Qb6 18. g4 Bd7 19. Nf3 Qb3 20. Qe2 Bd4 21. Nd2 Rxe3 22. fxe3 Qxe3+ 23. Qxe3 Bxe3+ 24. Kg2 Bxd2 25. Rc2 Bg5 26. Rcf2 f5 27. Rf3 Re8 28. Rb3 fxg4 29. hxg4 Bxg4 30. Rxb7 Bf5 31. Rb6 h5 32. Rxd6 Re4 33. Ra1 Rxc4 34. Rxa6 Rc2+ 35. Kf3 Rxb2 36. d6 Rb3+ 37. Kf2 Be3+ 38. Ke1 Rd3 39. Rc6 Bf4 40. Rxc5 Rxd6 41. a5 Re6+ 42. Kd1 Bd3 43. Ra4 Be3 44. Rd5 Ba6 45. Rb4 Kg7 46. Kc2 g5 47. Rb8 h4 48. Rd7+ Kg6 49. Rd5 Kh5 50. Rd1 Kg4 51. Rb4+ Kg3 52. Rb3 h3 53. Rd5 Kg2 0-1

[Event "Wch U16 Girls"]
[Site "Montesilvano"]
[Date "2023.11.15"]
[Round "3"]
[White "Bondar, Daria"]
[Black "Hayrapetyan, Nvard"]
[Result "1/2-1/2"]
[WhiteElo "1908"]
[BlackElo "1462"]
[PlyCount "94"]
[EventDate "2023.11.13"]
[EventType "swiss"]
[EventRounds "11"]
[EventCountry "ITA"]
[SourceTitle "CB48_2023"]
[SourceDate "2023.11.29"]
[SourceVersion "1"]
[SourceVersionDate "2023.11.29"]
[SourceQuality "1"]

1. e4 c5 2. Nf3 e6 3. d4 cxd4 4. Nxd4 Nf6 5. Nc3 Nc6 6. Ndb5 d6 7. Bf4 e5 8. Bg5 a6 9. Na3 b5 10. Nd5 Be7 11. Bxf6 Bxf6 12. c4 b4 13. Nc2 a5 14. g3 0-0 15. Bg2 g6 16. Nxf6+ Qxf6 17. 0-0 Rb8 18. b3 Rd8 19. Qd3 Qg7 20. Rad1 Be6 21. f4 exf4 22. gxf4 Bg4 23. Rd2 Qc3 24. Nd4 Nxd4 25. Qxd4 Qxd4+ 26. Rxd4 Kf8 27. h3 Bh5 28. Bf3 Bxf3 29. Rxf3 Re8 30. Kf2 Re6 31. f5 Re5 32. Rxd6 Rxe4 33. fxg6 hxg6 34. Ra6 Re5 35. Rxg6 Rd8 36. Kg3 Rd2 37. Rgf6 Rg5+ 38. Kh4 Rg7 39. Rf2 Rd4+ 40. R6f4 Rxf4+ 41. Rxf4 Rg2 42. c5 Ke7 43. a3 bxa3 44. Ra4 a2 45. Rxa5 Kd7 46. Ra6 f5 47. b4 f4 1/2-1/2

[Event "Malakhatko Memorial op"]
[Site "Chess.com INT"]
[Date "2023.06.14"]
[Round "9"]
[White "Lyakh, Vasiliy"]
[Black "Bondar, Daria"]
[Result "1-0"]
[WhiteElo "2033"]
[BlackElo "1779"]
[PlyCount "57"]
[EventDate "2023.06.14"]
[EventType "swiss (blitz)"]
[EventRounds "11"]
[EventCountry "USA"]
[SourceTitle "CBM 214 Extra"]
[Source "ChessBase"]
[SourceDate "2023.07.31"]
[SourceVersion "1"]
[SourceVersionDate "2023.07.31"]
[SourceQuality "1"]

1. e4 e5 2. Nf3 Nc6 3. Bc4 Bc5 4. c3 Nf6 5. d4 exd4 6. e5 d5 7. Bb5 Ne4 8. cxd4 Bb6 9. 0-0 Bd7 10. Bxc6 bxc6 11. Be3 0-0 12. Nc3 f5 13. exf6 Nxc3 14. bxc3 Qxf6 15. Ne5 Bf5 16. a4 a5 17. Ra2 Rae8 18. Re1 c5 19. dxc5 Qxe5 20. cxb6 cxb6 21. Rae2 Qb8 22. Qxd5+ Be6 23. Qg5 Bc4 24. Bd4 g6 25. Re7 Rxe7 26. Rxe7 Rf7 27. Rxf7 Kxf7 28. Qf6+ Ke8 29. Qh8+ 1-0

[Event "Kiev Spring op"]
[Site "Kiev"]
[Date "2023.03.31"]
[Round "9"]
[White "Ivanukh, Roman"]
[Black "Bondar, Daria"]
[Result "1-0"]
[WhiteElo "2247"]
[BlackElo "1757"]
[PlyCount "81"]
[EventDate "2023.03.25"]
[EventType "swiss"]
[EventRounds "9"]
[EventCountry "UKR"]
[SourceTitle "EXT 2024"]
[Source "ChessBase"]
[SourceDate "2023.10.10"]
[SourceVersion "1"]
[SourceVersionDate "2023.10.10"]
[SourceQuality "1"]

1. d4 Nf6 2. c4 g6 3. Nc3 Bg7 4. e4 d6 5. Nf3 0-0 6. Be2 e5 7. d5 a5 8. Bg5 h6 9. Be3 Ng4 10. Bc1 f5 11. exf5 gxf5 12. g3 Na6 13. Nh4 Nc5 14. 0-0 Nf6 15. Qc2 Nh7 16. Be3 Bd7 17. f4 e4 18. h3 a4 19. Rab1 Bf6 20. Ng2 Qe7 21. Kh2 Qg7 22. Bd2 a3 23. b4 Na4 24. Nb5 Bxb5 25. cxb5 Nc3 26. Rbe1 Nxe2 27. Rxe2 Kh8 28. Ne3 Bd4 29. Rg2 Rf7 30. g4 fxg4 31. Rxg4 Qf6 32. Qxe4 Re7 33. Qd3 Rae8 34. Nf5 Re2+ 35. Kh1 Bb2 36. Nh4 h5 37. Ng6+ Kg7 38. Rg3 Kf7 39. Ne5+ Ke7 40. Qxh7+ Kd8 41. Qd7# 1-0

[Event "Kiev Spring op"]
[Site "Kiev"]
[Date "2023.03.28"]
[Round "5"]
[White "Bondar, Daria"]
[Black "Lornye, Pylyp"]
[Result "1/2-1/2"]
[WhiteElo "1757"]
[BlackElo "2192"]
[PlyCount "80"]
[EventDate "2023.03.25"]
[EventType "swiss"]
[EventRounds "9"]
[EventCountry "UKR"]
[SourceTitle "EXT 2024"]
[Source "ChessBase"]
[SourceDate "2023.10.10"]
[SourceVersion "1"]
[SourceVersionDate "2023.10.10"]
[SourceQuality "1"]

1. e4 d6 2. d4 Nf6 3. Nc3 g6 4. f4 Bg7 5. Nf3 0-0 6. Bd3 Nc6 7. e5 dxe5 8. fxe5 Ng4 9. Be4 f6 10. h3 Nh6 11. Bd5+ Kh8 12. exf6 exf6 13. 0-0 Qd6 14. Re1 Nf5 15. Qe2 Ncxd4 16. Nxd4 Nxd4 17. Qf2 c5 18. Bf4 Qb6 19. Rad1 Bf5 20. Re7 Bxc2 21. Rde1 g5 22. Rxb7 Qa6 23. Ree7 Nf5 24. Re6 Qd3 25. Be4 Qc4 26. Bxf5 Bxf5 27. Ree7 Rg8 28. Bxg5 fxg5 29. Qxf5 Raf8 30. Rf7 Rxf7 31. Qxf7 Qd4+ 32. Qf2 Rf8 33. Qxd4 cxd4 34. Ne4 h6 35. Nc5 Rc8 36. b4 a5 37. Ne6 d3 38. Rd7 axb4 39. Nxg7 d2 40. Rxd2 Kxg7 1/2-1/2

[Event "Kiev Spring op"]
[Site "Kiev"]
[Date "2023.03.27"]
[Round "4"]
[White "Khadzh, Khamed Dzhamil"]
[Black "Bondar, Daria"]
[Result "0-1"]
[WhiteElo "2050"]
[BlackElo "1757"]
[PlyCount "104"]
[EventDate "2023.03.25"]
[EventType "swiss"]
[EventRounds "9"]
[EventCountry "UKR"]
[SourceTitle "EXT 2024"]
[Source "ChessBase"]
[SourceDate "2023.10.10"]
[SourceVersion "1"]
[SourceVersionDate "2023.10.10"]
[SourceQuality "1"]

1. Nh3 Nf6 2. g3 g6 3. Bg2 d5 4. 0-0 Bg7 5. d3 0-0 6. f3 c5 7. Nf2 Nc6 8. e4 e5 9. Nc3 d4 10. Ne2 Ne8 11. f4 f6 12. g4 Nd6 13. Ng3 Rb8 14. f5 g5 15. h4 h6 16. Nh5 b5 17. Qe2 Ba6 18. Bd2 c4 19. Kh2 b4 20. b3 cxd3 21. Nxd3 Qb6 22. a3 Rf7 23. axb4 Nxb4 24. Bxb4 Bxd3 25. Qxd3 Qxb4 26. Nxg7 Kxg7 27. Ra4 Qc5 28. Rfa1 Rc8 29. R1a2 Rfc7 30. Bf1 Qc6 31. Rxa7 Qxe4 32. Qxe4 Nxe4 33. Bc4 Kf8 34. Rxc7 Rxc7 35. Ra6 Kg7 36. Ra2 Nd2 37. Be2 e4 38. hxg5 hxg5 39. b4 Rb7 40. b5 Nb1 41. Rb2 Nc3 42. Bc4 Kf8 43. b6 e3 44. Kg2 e2 45. Bxe2 Nxe2 46. c4 Nf4+ 47. Kf3 Nd3 48. Rb3 Ne5+ 49. Ke4 Nxc4 50. Kd5 Na5 51. Rb5 d3 52. Rxa5 d2 0-1

[Event "Kiev Spring op"]
[Site "Kiev"]
[Date "2023.03.27"]
[Round "3"]
[White "Laptii, Nazar"]
[Black "Bondar, Daria"]
[Result "1-0"]
[WhiteElo "2278"]
[BlackElo "1757"]
[PlyCount "157"]
[EventDate "2023.03.25"]
[EventType "swiss"]
[EventRounds "9"]
[EventCountry "UKR"]
[SourceTitle "EXT 2024"]
[Source "ChessBase"]
[SourceDate "2023.10.10"]
[SourceVersion "1"]
[SourceVersionDate "2023.10.10"]
[SourceQuality "1"]

1. e4 e5 2. Nf3 Nc6 3. Bc4 Bc5 4. c3 Nf6 5. d3 0-0 6. Nbd2 d6 7. Qe2 Re8 8. h3 Be6 9. Bxe6 Rxe6 10. g4 d5 11. Nf1 Qd7 12. Ng3 dxe4 13. dxe4 Rd8 14. Bg5 h6 15. Bd2 Nh7 16. 0-0-0 Qd3 17. Qxd3 Rxd3 18. Ne1 Rd8 19. Rf1 Red6 20. Kc2 a5 21. a4 f6 22. h4 Nf8 23. Nf5 R6d7 24. Ng2 Ne6 25. f3 Ne7 26. h5 c6 27. Nge3 b6 28. Nc4 Kf7 29. Nh4 Ng5 30. Bxg5 hxg5 31. Rxd7 Rxd7 32. Nf5 g6 33. Nxe7 Rxe7 34. hxg6+ Kxg6 35. Rh1 Ra7 36. Rh8 b5 37. axb5 cxb5 38. Nd2 b4 39. Rc8 bxc3 40. bxc3 Be7 41. c4 Kf7 42. c5 Ke6 43. Nc4 a4 44. Kb2 a3+ 45. Nxa3 Ra5 46. Nc2 Rxc5 47. Rb8 Ra5 48. Rb6+ Kd7 49. Rb7+ Ke6 50. Ne3 Bc5 51. Nf5 Ra7 52. Ng7+ Kd6 53. Ne8+ Kc6 54. Rxa7 Bxa7 55. Nxf6 Be3 56. Kc3 Kc5 57. Nd5 Bd4+ 58. Kd3 Kd6 59. f4 gxf4 60. Nxf4 Bb6 61. Nh3 Bd8 62. Kc4 Bb6 63. Ng5 Be3 64. Nf3 Kc6 65. Kb4 Kd6 66. Kb5 Bf4 67. Kb6 Bg3 68. Kb7 Kd7 69. Kb8 Kd8 70. Kb7 Kd7 71. Kb6 Kd6 72. g5 Bf4 73. Kb5 Bg3 74. Kc4 Bf4 75. g6 Ke6 76. Nh4 Kf6 77. Kd5 Bg5 78. Nf3 Bf4 79. Nxe5 1-0

[Event "Wch U16 Girls"]
[Site "Mamaia"]
[Date "2022.09.14"]
[Round "9"]
[White "Zhou, Lepu Coco"]
[Black "Bondar, Daria"]
[Result "0-1"]
[WhiteElo "1935"]
[BlackElo "1641"]
[PlyCount "148"]
[EventDate "2022.09.06"]
[EventType "swiss"]
[EventRounds "11"]
[EventCountry "ROU"]
[SourceTitle "CBM 210 Extra"]
[Source "ChessBase"]
[SourceDate "2022.11.30"]
[SourceVersion "1"]
[SourceVersionDate "2022.11.30"]
[SourceQuality "1"]

1. e4 e5 2. Nf3 Nc6 3. Bc4 Bc5 4. c3 Nf6 5. d4 exd4 6. b4 Be7 7. e5 Ne4 8. b5 Na5 9. Bd5 Nxc3 10. Nxc3 dxc3 11. Qa4 c6 12. Be4 0-0 13. 0-0 cxb5 14. Qxb5 Nc6 15. Qd3 h6 16. Qxc3 d5 17. Bb1 f5 18. Bb2 Be6 19. a3 Rc8 20. Qd3 Qb6 21. Bc3 Bc5 22. Ba2 Rcd8 23. Rab1 Qc7 24. a4 Qe7 25. Nd4 Nxd4 26. Bxd4 b6 27. Rfd1 Rc8 28. Rbc1 Rfd8 29. f4 Bxd4+ 30. Qxd4 Rc5 31. Kh1 Rdc8 32. Rb1 Qh4 33. Bb3 g5 34. g3 Qg4 35. Rf1 R8c7 36. Rbe1 Kg7 37. Kg2 Qh5 38. h3 Rc3 39. Bd1 Qg6 40. Be2 gxf4 41. Qxf4 d4 42. g4 d3 43. Bd1 R7c4 44. Qf2 Rc2 45. Bxc2 Rxc2 46. Qxc2 dxc2 47. Kh2 fxg4 48. hxg4 Qd3 49. Rf2 Bxg4 50. Rg2 Qh3+ 51. Kg1 Kf7 52. Rf1+ Ke7 53. Rxc2 Bf3 54. Rfc1 Qg4+ 55. Kf2 Be4 56. Rc3 Qf4+ 57. Kg1 Bf3 58. R1c2 h5 59. Rc7+ Ke6 60. Rg7 Qe3+ 61. Rf2 h4 62. Rg6+ Kxe5 63. Rg8 Kd4 64. Rd8+ Kc3 65. Rc8+ Kb3 66. Kf1 h3 67. Rcc2 Bg2+ 68. Kg1 Qg3 69. Rb2+ Ka3 70. Ra2+ Kb4 71. Rab2+ Ka5 72. Rb5+ Ka6 73. Rh5 Bf3+ 74. Kf1 Bxh5 0-1

[Event "Wch U16 Girls"]
[Site "Mamaia"]
[Date "2022.09.08"]
[Round "3"]
[White "Bondar, Daria"]
[Black "Mikheeva, Galina"]
[Result "0-1"]
[WhiteElo "1641"]
[BlackElo "2015"]
[PlyCount "62"]
[EventDate "2022.09.06"]
[EventType "swiss"]
[EventRounds "11"]
[EventCountry "ROU"]
[SourceTitle "CBM 210 Extra"]
[Source "ChessBase"]
[SourceDate "2022.11.30"]
[SourceVersion "1"]
[SourceVersionDate "2022.11.30"]
[SourceQuality "1"]

1. e4 e5 2. Nf3 Nc6 3. Bb5 Nf6 4. 0-0 Nxe4 5. d4 Nd6 6. dxe5 Nxb5 7. a4 d6 8. e6 fxe6 9. axb5 Nb4 10. Re1 Be7 11. Bd2 Nd5 12. c4 Nb6 13. Qc2 0-0 14. b4 Kh8 15. Na3 e5 16. c5 Bf5 17. Qc3 Nd7 18. Be3 Nf6 19. Qb3 Qe8 20. h3 Qh5 21. Nd2 Qg6 22. Kh2 Ne4 23. Nxe4 Bxe4 24. Rg1 Bh4 25. Ra2 d5 26. g3 Rf3 27. Qd1 Bg5 28. Bxg5 Qxg5 29. Nb1 Raf8 30. Rf1 Qxg3+ 31. fxg3 Rxf1 0-1

[Event "Elitzur Int Online"]
[Site "Chess.com INT"]
[Date "2020.11.01"]
[Round "1"]
[White "Caspi, Israel"]
[Black "Bondar, Daria"]
[Result "1-0"]
[WhiteElo "2492"]
[BlackElo "1502"]
[PlyCount "83"]
[EventDate "2020.11.01"]
[EventType "swiss (blitz)"]
[EventRounds "11"]
[EventCountry "ISR"]
[SourceTitle "CBM 199 Extra"]
[Source "ChessBase"]
[SourceDate "2021.01.31"]
[SourceVersion "1"]
[SourceVersionDate "2021.01.31"]
[SourceQuality "1"]

1. e4 e5 2. Nf3 Nc6 3. Bb5 a6 4. Ba4 Nf6 5. 0-0 b5 6. Bb3 Be7 7. Re1 0-0 8. c3 d6 9. h3 Nb8 10. d4 Nbd7 11. Nbd2 c5 12. Bc2 Bb7 13. b3 Rc8 14. d5 c4 15. bxc4 Qa5 16. Bb2 bxc4 17. Qe2 Qc5 18. a4 a5 19. Ba3 Qc7 20. Rab1 Ba6 21. Nf1 Nh5 22. g3 g6 23. Ne3 Ng7 24. g4 h5 25. Kg2 Rb8 26. Rg1 Rxb1 27. Rxb1 Nf6 28. Nd2 Rc8 29. f3 Nd7 30. Rb2 Bg5 31. Ndf1 Bf4 32. Kh1 Ne8 33. gxh5 gxh5 34. Nf5 Kh7 35. Qf2 Rb8 36. Rxb8 Qxb8 37. Qh4 Nef6 38. Nxd6 Qg8 39. Nf5 Qg6 40. Qf2 Kh8 41. Qa7 Bg3 42. N1xg3 1-0